Quantum information : (Record no. 29653)

000 -LEADER
fixed length control field 00715 a2200181 4500
020 ## - INTERNATIONAL STANDARD BOOK NUMBER
International Standard Book Number 3540302654
020 ## - INTERNATIONAL STANDARD BOOK NUMBER
International Standard Book Number 9783540302650
082 ## - DEWEY DECIMAL CLASSIFICATION NUMBER
Classification number 004.1
090 ## - LOCALLY ASSIGNED LC-TYPE CALL NUMBER (OCLC); LOCAL CALL NUMBER (RLIN)
-- 1035
-- 1035
100 1# - MAIN ENTRY--PERSONAL NAME
Personal name Hayashi, Masahito.
245 10 - TITLE STATEMENT
Title Quantum information :
Remainder of title an introduction /
Statement of responsibility, etc. Masahito Hayashi.
260 ## - PUBLICATION, DISTRIBUTION, ETC.
Place of publication, distribution, etc. [S.l.] :
Name of publisher, distributor, etc. Springer,
Date of publication, distribution, etc. 2006.
300 ## - PHYSICAL DESCRIPTION
Extent 438 p. ;
Dimensions 24 cm.
700 ## - ADDED ENTRY--PERSONAL NAME
Personal name Hayashi, Masahito.
942 ## - ADDED ENTRY ELEMENTS (KOHA)
Institution code [OBSOLETE] SNS
Koha item type Book
Call number prefix 004.1 HAY
Holdings
Withdrawn status Lost status Damaged status Not for loan Permanent Location Current Location Date acquired Total Checkouts Full call number Barcode Date last seen Date last checked out Price effective from Koha item type
        School of Natural Sciences (SNS) School of Natural Sciences (SNS) 05/26/2016 1 004.1 HAY SNS0001219 05/22/2017 04/15/2017 05/26/2016 Book
        School of Natural Sciences (SNS) School of Natural Sciences (SNS) 05/26/2016 4 004.1 HAY SNS0001429 08/27/2024 08/13/2024 05/26/2016 Book
© 2023 Central Library, National University of Sciences and Technology. All Rights Reserved.